| 000 | 00615nam a2200229Ia 4500 | ||
|---|---|---|---|
| 003 | OSt | ||
| 005 | 20221005120739.0 | ||
| 006 | a|||||r|||| 00| 0 | ||
| 007 | ta | ||
| 008 | 221004b |||||||| |||| 00| 0 eng d | ||
| 024 | _a59496 | ||
| 037 | _cTextual | ||
| 040 |
_aCRL _cCRL _beng |
||
| 041 |
_2eng _aeng |
||
| 082 | _aU8:73:L8, J0 | ||
| 100 |
_aBakeless John _922045 |
||
| 245 | 0 |
_aEyes of discovery _b The pageant of North America as seen by the first explorers. |
|
| 260 | _c1950 | ||
| 650 | _aGEOGRAPHY | ||
| 942 |
_hU8:73:L8, J0 _cTEXL _2cc |
||
| 999 |
_c1039024 _d1039024 |
||